| 000 | 00782nam a2200181 a 4500 | ||
|---|---|---|---|
| 008 | 150519s1982 ||||||||||||||||| || u | ||
| 050 | _aGOV.ZAM(058)FR/1982 | ||
| 110 | _aGovernment of the Republic of Zambia. Ministry of Finance and National Planning | ||
| 245 | 1 | 0 | _aRepublic of Zambia financial report for the year ended 31st December, 1981 |
| 260 |
_aLusaka: _bGovernment Printer _c1982 |
||
| 300 | _avii, 750p.: ill. | ||
| 350 | _a0.00 | ||
| 650 | 0 | _aAFRICA--ECONOMIC CONDITIONS | |
| 650 | _aZAMBIA--APPROPRIATIONS AND EXPENDITURES | ||
| 650 | _aZAMBIA--ECONOMIC CONDITIONS | ||
| 650 | _aEXPENDITURES, PUBLIC--ZAMBIA | ||
| 995 |
_FCBU-MAIN LIBRARY (Kitwe) _I0.00 _M1 _UAVAILABLE _WMay 19, 2015 _ZZambiana Collection |
||
| 999 |
_c56275 _d56275 |
||